[Event "13th BPB Limburg Open 2019"]
[Site "Maastricht"]
[Date "2019.06.10"]
[Round "6.4"]
[White "Monroy, Charles"]
[Black "Van Foreest, Jorden"]
[Result "0-1"]
[WhiteElo "2432"]
[BlackElo "2610"]
[Annotator "TA"]
[PlyCount "148"]
[EventDate "2019.06.07"]
[EventCountry "NED"]
[SourceTitle "playchess.com"]
[Source "ChessBase"]
[SourceQuality "1"]

{[%evp 9,148,42,39,45,37,29,37,0,0,0,-2,-13,-7,-16,0,-17,0,0,2,8,0,-14,-2,-9,0,-8,0,-25,-21,-22,-19,-12,-17,-21,-11,0,0,-14,-14,-13,-4,-18,-32,-9,0,0,0,0,0,0,51,0,55,-35,-35,-80,-82,-82,-80,-87,-87,-103,-103,-103,-100,-100,-104,-110,-116,-113,-110,-112,-97,-116,-112,-96,-104,-94,-38,-40,-13,-15,-8,-8,-8,-61,-30,-110,-110,-202,-131,-129,-8,-14,-12,-10,-10,-23,-8,-47,-7,-8,-12,-343,-343,-343,-343,-343,0,-8,0,-396,-8,-1132,-576,-2679,-1472,-29977,-29976,-29972,-29970,-29982,-29983,-29986,-3805,-1332,-1310,-29954,-29961,-29958,-29956,-12326,-8866,-12683,-9559,-29972,-29973,-29978,-29978,-29984,-29985]} 1. e4 c6 2. Nf3 d5 3. Nc3 Qa5 (3... Bg4 4. h3 Bxf3 5. Qxf3 e6 6. g3 Nf6 7. a3 Bc5 8. d3 O-O 9. Bg2 Nbd7 10. O-O b5 11. Qd1 Qb6 12. Qe2 a5 13. Kh1 d4 14. Nb1 e5 {0-1 (47) Vallejo Pons,F (2693)-Anand,V (2774) Karlsruhe/Baden Baden 2019}) 4. Be2 dxe4 5. Nxe4 Bf5 6. Ng3 {B11: Caro-Kann: Two Knights Variation} Bg6 7. a3 $146 ({Predecessor:} 7. O-O Nd7 8. d4 e6 9. Bf4 Ngf6 10. c4 Be7 11. a3 {0-1 (60) Kollars,D (2564)-Admiraal,M (2508) chess.com INT 2019}) 7... e6 8. Rb1 {White is slightly better.} Nf6 9. b4 Qc7 10. Bb2 Nbd7 11. O-O Be7 12. Re1 O-O 13. Nh4 Rfd8 14. Nxg6 hxg6 15. Bf3 a5 16. c4 Nh7 17. Bc3 Bf6 18. Qe2 Ng5 19. Ne4 Nxe4 20. Qxe4 axb4 21. axb4 Ra3 22. Re3 Bxc3 23. dxc3 Nf6 24. Qc2 b6 25. Rd3 Rxd3 26. Qxd3 Nd7 27. Qd2 Ne5 28. Be2 c5 29. Rd1 Nc6 (29... f5 $11) 30. g3 (30. b5 $14 Na5 31. g3) 30... Ra7 (30... Ra8 $11) 31. Qd6 {[#]} ({White should try} 31. b5 $14 Ne5 32. Qd8+ Qxd8 33. Rxd8+ Kh7 34. f4) 31... Nd4 $1 $36 {[%mdl 2560] Black is pushing.} 32. Qxc7 (32. cxd4 Qxd6) 32... Nxe2+ 33. Kf1 {White wants to mate with Qd8+.} Rxc7 $17 {[%mdl 4096] Endgame KRN-KR} 34. Rd8+ Kh7 35. Kxe2 cxb4 36. cxb4 Rxc4 {KR-KR} 37. Rd7 f6 ({Of course not} 37... Rxb4 $6 38. Rxf7 g5 39. Re7 $11) 38. Rd6 Rxb4 39. Rxe6 g5 40. h3 Kg6 41. Re7 Rb3 42. Rc7 Rb5 43. Rb7 f5 (43... Rb2+ $17 44. Ke3 b5) 44. Rd7 $15 Re5+ 45. Kf3 Kf6 46. Rd6+ Re6 47. Rd7 (47. Rd5 $11) 47... g6 48. Rb7 (48. Rd5 $11 {remains equal.}) 48... Ke5 $17 49. h4 (49. g4 $17) 49... gxh4 50. gxh4 Kd5 ({Better is} 50... Rc6 $17 {Threatening ...Kd4.} 51. Ke3 Kd5) 51. h5 gxh5 52. Kf4 $1 Kc6 53. Rh7 $1 Re2 54. f3 Rh2 {Threatens to win with ...h4.} 55. Kxf5 b5 {[%cal Bb6b5,Bb5b4][%mdl 32] aiming for ...b4.} 56. Rh8 $2 {[%mdl 8192]} (56. f4 $1 $11) 56... b4 $19 57. Rb8 Kc5 58. f4 Rg2 $2 ({Black should play} 58... Rh1 $1 $19 {Hoping for ...Kc4.} 59. Ke4 h4) 59. Rh8 $11 Rh2 $2 {[%mdl 8192]} (59... b3 $11 60. Rxh5 b2 61. Ke4+ Kc4) 60. Rb8 $19 {[#]} Kc4 $2 (60... Rh1 $1 $19 {White must now prevent ...Kc4.} 61. Ke4 h4) 61. Kg6 $2 {[%mdl 8192]} (61. Ke5 $11) 61... h4 62. f5 h3 63. f6 Rg2+ 64. Kf5 h2 65. Rh8 b3 66. Rh4+ Kc5 (66... Kd5 $142 67. Kf4 b2 68. Rh5+ Ke6 69. Re5+ Kxf6 70. Rh5 b1=Q 71. Rh6+ Ke7 72. Ke5 Qb5+ 73. Ke4 Qc4+ 74. Kf5 Rg7 75. Rg6 Rxg6 {[%mdl 64] Overworked Piece} 76. Kxg6 Qg4+ 77. Kh7 h1=Q#) 67. f7 Rf2+ 68. Rf4 Rxf4+ 69. Kxf4 h1=Q 70. f8=Q+ {KQ-KQ} Kc4 {( -> ...Qf1+)} 71. Qc8+ Kd4 72. Qd7+ {[#]} Qd5 $1 {Black mates.} 73. Qg7+ Kd3 74. Qh7+ Kc3 {Accuracy: White = 44%, Black = 39%.} 0-1

[Event "13th BPB Limburg Open 2019"]
[Site "Maastricht"]
[Date "2019.06.10"]
[Round "6.7"]
[White "Barzen, Pascal"]
[Black "Dambacher, Martijn"]
[Result "1-0"]
[WhiteElo "2292"]
[BlackElo "2511"]
[Annotator "TA"]
[PlyCount "154"]
[EventDate "2019.06.07"]
[EventCountry "NED"]
[SourceTitle "playchess.com"]
[Source "ChessBase"]
[SourceQuality "1"]

{[%evp 14,154,43,35,28,27,26,16,27,0,0,2,0,0,0,-43,-14,-5,0,7,8,-26,39,29,14,49,36,-56,-30,-130,-93,-109,-116,-144,-85,-147,-93,-108,-57,-68,-63,-145,-127,-141,-159,-159,-160,-220,-215,-193,-130,-264,-254,-255,-255,-233,-248,-248,-165,-190,-173,-172,-130,-137,-124,-133,-112,-239,-229,-230,-177,-329,-331,-340,-226,-235,-234,-234,-227,-211,-210,-231,-223,-305,-242,-227,532,535,426,225,224,103,220,204,204,204,325,197,497,491,471,464,447,229,241,241,371,287,277,137,127,96,601,851,849,846,762,811,725,700,592,458,2617,2289,1654,1649,966,948,6481,4914,29964,29966,9933,5462,29968,29969,29975,29976,29983,29984,29984,29985,29986]} 1. e4 e5 2. Nf3 Nc6 3. Bb5 g6 4. O-O Bg7 5. c3 a6 6. Ba4 Nge7 7. d4 exd4 8. cxd4 b5 {C60: Ruy Lopez: Unusual Black 3rd moves and 3...g6} 9. Bb3 O-O 10. d5 Na5 $1 {The position is equal.} 11. Bc2 d6 12. Nc3 Bb7 13. Bf4 $146 ({Predecessor:} 13. Re1 Re8 14. Rb1 c6 15. dxc6 Bxc6 16. Bf4 Rc8 17. Ne2 Nc4 18. Ned4 {½-½ (18) Inarkiev,E (2707)-Iordachescu,V (2636) Konya 2012}) 13... Rc8 14. Qc1 c6 15. dxc6 $1 Bxc6 16. a3 Re8 17. Bh6 Bh8 (17... d5 $11) 18. Qf4 $14 d5 19. Ng5 {[%csl Gg5][%cal Rf4f7]} f6 20. Nf3 (20. Ne6 $14 Qb6 21. Rfe1) 20... dxe4 $1 $15 21. Rad1 (21. Nxe4 $11 f5 22. Nc3) 21... Nd5 $17 22. Nxd5 Bxd5 23. Ne1 Re5 ({Black should play} 23... Bg7 24. b4 Nc4) 24. Qg3 ({White should try} 24. Qd2 Nc4 25. Qd4) 24... Qe7 (24... Bg7 $142 25. Bf4 Re8) 25. Bf4 Rf5 {[#]} ({Better is} 25... Rh5 $17 26. b4 Nc4) 26. Nf3 $1 $15 {[%mdl 512]} Bb7 (26... Rxc2 $6 27. Nd4 $16) (26... exf3 27. Bxf5) 27. Nd4 (27. b4 $15 Rd5 28. Rxd5 Bxd5 29. Bd6) 27... Rd5 $17 28. b4 Nc4 29. Bb3 Rcd8 30. Ne2 (30. Be3 $17) 30... Rd3 $19 31. Rxd3 Rxd3 (31... exd3 $19 32. Nc3 d2) 32. Bxc4+ (32. Be3 $17 {was forced.}) 32... bxc4 33. Be3 f5 (33... Rxa3 34. Qb8+ Kg7 35. Nf4 $16) 34. Qb8+ Rd8 35. Qa7 Be5 36. Rc1 Bb2 37. Rb1 Qd7 38. h4 Be5 $40 {[%mdl 128] ( -> ...Qd1+!). Black is out for blood.} (38... Bxa3 $6 39. Qb6 $11) 39. g3 Rc8 {[#] ...c3 is the strong threat.} 40. Kh2 (40. b5 $1 $17 {[%mdl 512]} axb5 41. a4 $1 {[%mdl 512]}) 40... c3 {[%cal Bc4c3,Bc3c2][%mdl 32]} 41. Rc1 Rc4 42. Qb6 $2 (42. Rc2) 42... c2 43. h5 gxh5 44. Qh6 Bb2 45. Qg5+ Qg7 46. Qd8+ Qf8 47. Qg5+ Kh8 48. Nf4 Qf6 (48... Bxa3 $2 49. Rxc2 $1 {[%mdl 512]} Qg8 50. Qf6+ Qg7 51. Qxg7+ (51. Rxc4 Qxf6 52. Bd4 Qxd4 $16) 51... Kxg7 52. Rxc4 $18) (48... Bxc1 $2 49. Bxc1 Rc7 50. Bb2+ Rg7 51. Nxh5 $18 (51. Bxg7+ Qxg7 52. Qd8+ Qg8 $11)) 49. Qxh5 {Intending Qe8+ and mate.} Rc8 $4 {[%mdl 8192] [#]} (49... Bc6 $19 {and life is good for Black.} 50. Qe2 Bxc1 51. Bxc1 Qd4) 50. Rxc2 $1 $18 {[%mdl 512]} Kg8 (50... Rxc2 51. Qe8+) 51. Rxc8+ (51. Rd2 $142 h6 52. Bc5) 51... Bxc8 52. Nd5 (52. Qe8+ $18 Qf8 53. Qc6) 52... Qe5 (52... Qe6 $16) 53. Qg5+ Kf7 54. Qd8 Qe6 (54... Qe8 $142 55. Qc7+ Qd7) 55. Bc5 {Threatens to win with Qf8+.} Bg7 $2 (55... Qe8 {was called for.} 56. Qg5 Bd7) 56. Nb6 e3 57. Qc7+ Kg6 58. Bxe3 ({But not} 58. Qxc8 $2 Qxc8 59. Nxc8 e2 $19) (58. Nxc8 $142 {aiming for Ne7+.} exf2 59. Bxf2) 58... f4 59. Bxf4 ({Don't take} 59. Qxc8 $6 Qxc8 60. Nxc8 fxe3 $16) ({Don't play} 59. Nxc8 $6 fxe3 60. fxe3 Qa2+ 61. Kg1 Bf6 $16) 59... Qh3+ 60. Kg1 Be6 61. Qd6 (61. Be5 $18 {has better winning chances.} Bf8 62. Qc6) 61... Qf5 $16 62. Nd7 {Strongly threatening Nc5.} h5 $2 {[%mdl 8192]} (62... Kf7 $16) 63. Nc5 $18 Kf7 64. Qxe6+ Qxe6 65. Nxe6 Kxe6 {[%mdl 4096] Endgame KB-KB} 66. a4 {[%cal Ba3a4,Ba4a5][%mdl 32]} Kd5 67. Kg2 Kc4 (67... Bf6 $142 68. Bd2 Bd8) 68. Bd6 Kd5 69. Be7 Ke6 70. Bc5 Kd5 71. a5 Bc3 72. Kh3 Bf6 73. f4 Bd8 74. g4 {White mates.} hxg4+ 75. Kxg4 Bxa5 76. bxa5 Kxc5 77. Kg5 Kd5 {Accuracy: White = 42%, Black = 47%.} 1-0

[Event "13th BPB Limburg Open 2019"]
[Site "Maastricht"]
[Date "2019.06.10"]
[Round "6.10"]
[White "Ernst, Sipke"]
[Black "Hoornstra, Hans"]
[Result "1-0"]
[WhiteElo "2541"]
[BlackElo "2038"]
[Annotator "TA"]
[PlyCount "51"]
[EventDate "2019.06.07"]
[EventCountry "NED"]
[SourceTitle "playchess.com"]
[Source "ChessBase"]
[SourceQuality "1"]

{[%evp 18,51,47,54,100,93,101,88,92,82,131,103,179,110,191,102,207,158,204,211,254,247,587,580,588,592,1045,1050,1019,997,971,971,950,951,1266,1238]} 1. Nf3 Nf6 2. c4 c5 3. b3 e6 4. g3 b6 5. Bg2 Bb7 6. O-O Be7 7. Bb2 O-O 8. Nc3 d6 9. d4 Nbd7 10. d5 e5 {A30: Symmetrical English: Double Fianchetto and Hedgehog} (10... exd5 11. Nh4 g6 12. cxd5 Ne8 13. f4 Nc7 14. e4 b5 15. e5 f5 16. a4 b4 17. Nb5 Nxb5 18. axb5 {1-0 (36) Kramnik,V (2775)-Topalov,V (2700) Amsterdam 1996}) 11. e4 Ne8 12. Ne1 g6 {White is better.} 13. Nd3 Ng7 14. f4 f6 (14... a6 $16) 15. Bh3 $146 ({Better is} 15. f5 $18) ({Predecessor:} 15. a3 a6 16. Kh1 Rb8 17. b4 Rc8 18. Qb3 {1-0 (38) Injac,T (2003)-Petrovic,T (1643) Palic 2014}) 15... Kh8 (15... exf4 $16 {was worth a try.} 16. gxf4 a6) 16. Be6 (16. Qg4 $18 Nb8 17. f5) 16... Bc8 (16... exf4 $16 17. gxf4 (17. Nxf4 Ne5 $16) (17. Rxf4 a6 $16) 17... f5) 17. Rf2 Nb8 18. f5 g5 19. h4 h5 $2 (19... gxh4 {is tougher.} 20. gxh4 Nxe6) 20. hxg5 $18 {White is clearly winning.} fxg5 {[#]} 21. Rh2 $1 {[%mdl 512] White threatens Rxh5+ and mate.} Rf6 22. Rxh5+ Nxh5 23. Qxh5+ {[%mdl 64] Double Attack} Kg7 24. Qxg5+ Kh7 25. Bxc8 {[#] Black must now prevent Kg2.} Qxc8 26. Kg2 {Accuracy: White = 41%, Black = 19%.} 1-0

[Event "13th BPB Limburg Open 2019"]
[Site "Maastricht"]
[Date "2019.06.10"]
[Round "6.11"]
[White "Stricker, Florian"]
[Black "Admiraal, Miguoel"]
[Result "1-0"]
[WhiteElo "2061"]
[BlackElo "2507"]
[Annotator "TA"]
[PlyCount "29"]
[EventDate "2019.06.07"]
[EventCountry "NED"]
[SourceTitle "playchess.com"]
[Source "ChessBase"]
[SourceQuality "1"]

{[%evp 1,1,24]} 1. d4 {Predecessor:} Nf6 $146 2. c4 e6 3. Nc3 d5 4. cxd5 Nxd5 5. e4 Nxc3 6. bxc3 c5 7. a3 g6 8. Nf3 Bg7 9. Be2 O-O 10. O-O cxd4 11. cxd4 Nc6 12. Bg5 Qd6 13. e5 Qd5 14. Rc1 h6 15. Be3 {0-1 (46) Yu,Y (2784)-Dominguez Perez,L (2752) Hengshui 2019} 1-0

[Event "13th BPB Limburg Open 2019"]
[Site "Maastricht"]
[Date "2019.06.10"]
[Round "7.2"]
[White "Beerdsen, Thomas"]
[Black "Gurevich, Mikhail"]
[Result "1/2-1/2"]
[WhiteElo "2488"]
[BlackElo "2579"]
[Annotator "TA"]
[PlyCount "33"]
[EventDate "2019.06.07"]
[EventCountry "NED"]
[SourceTitle "playchess.com"]
[Source "ChessBase"]
[SourceQuality "1"]

{[%evp 16,17,10,14]} 1. e4 e6 2. d4 d5 3. Nd2 c5 4. exd5 exd5 5. Ngf3 a6 6. dxc5 Bxc5 7. Nb3 Bb6 8. Bd3 Qe7+ 9. Qe2 {Predecessor:} Qxe2+ $146 10. Kxe2 Nf6 11. Re1 O-O 12. Kf1 Nc6 13. Be3 Bc7 14. c3 Bg4 15. Nbd4 Rfe8 16. h3 Bh5 17. g4 {1-0 (39) Mista,A (2587)-Repka,C (2487) Krakow 2017} 1/2-1/2

[Event "13th BPB Limburg Open 2019"]
[Site "Maastricht"]
[Date "2019.06.10"]
[Round "7.3"]
[White "Schoppen, Casper"]
[Black "Donchenko, Alexander"]
[Result "1/2-1/2"]
[WhiteElo "2464"]
[BlackElo "2618"]
[Annotator "TA"]
[PlyCount "40"]
[EventDate "2019.06.07"]
[EventCountry "NED"]
[SourceTitle "playchess.com"]
[Source "ChessBase"]
[SourceQuality "1"]

{[%evp 11,40,10,23,23,23,27,23,25,23,22,22,32,29,26,37,0,0,0,0,0,0,-12,0,0,0,0,0,0,0,0,0]} 1. e4 c5 2. Nf3 d6 3. d4 cxd4 4. Nxd4 Nf6 5. Nc3 a6 6. Bg5 Nbd7 7. Qe2 {B94: Sicilian Najdorf: 6 Bg5 Nbd7} (7. Bc4 Qb6 8. Bb3 e6 9. Qd2 Be7 10. O-O-O Nc5 11. f3 Qc7 12. g4 b5 13. h4 Bd7 14. Kb1 b4 15. Nce2 {0-1 (40) Papp,G (2591)-Navara,D (2733) Slovakia 2019}) 7... h6 8. Bh4 g6 9. f4 {White has an edge.} e5 10. fxe5 dxe5 11. O-O-O Qc7 12. Nb3 b5 13. Rxd7 (13. Qf3 $5 {[%cal Rh4f6]} Bg7 14. a3 $11) 13... Nxd7 {The position is equal.} 14. Nd5 {[%cal Rd5c7] [#]} Qb8 {[#]} 15. Na5 $146 Bg7 16. Qd2 {Black must now prevent Qb4.} (16. Qf3 $5 {[%cal Rf1c4]}) 16... O-O 17. Nc6 Qb7 18. Na5 Qb8 19. Nc6 Qb7 20. Na5 Qb8 {Accuracy: White = 78%, Black = 90%.} 1/2-1/2

[Event "13th BPB Limburg Open 2019"]
[Site "Maastricht"]
[Date "2019.06.10"]
[Round "7.4"]
[White "Van Foreest, Jorden"]
[Black "Warmerdam, Max"]
[Result "1/2-1/2"]
[WhiteElo "2610"]
[BlackElo "2475"]
[Annotator "TA"]
[PlyCount "94"]
[EventDate "2019.06.07"]
[EventCountry "NED"]
[SourceTitle "playchess.com"]
[Source "ChessBase"]
[SourceQuality "1"]

{[%evp 18,94,0,-14,0,0,0,0,0,0,11,2,10,9,11,14,14,20,26,34,186,187,175,137,125,134,82,9,102,98,101,109,107,108,91,0,35,13,29986,0,0,-3,0,-33,-24,-62,-62,-62,-62,-62,-62,-150,-69,-62,-69,-69,-29,-30,0,-20,-21,-25,0,0,0,0,0,0,0,0,0,-80,0,0,0,0,0,0,0]} 1. Nf3 d5 2. d4 e6 3. c4 a6 4. e3 Nf6 5. Nc3 c5 6. a3 dxc4 7. Bxc4 b5 8. Ba2 Bb7 9. O-O Nbd7 10. Qe2 Qb8 {D27: Queen's Gambit Accepted: Classical main line: 7 e4!? and 7 a4} 11. Rd1 Bd6 12. dxc5 (12. h3 O-O 13. dxc5 Nxc5 14. b4 Ncd7 15. Bb2 Rc8 16. Rac1 Ne5 17. Nxe5 Bxe5 18. Bb1 {0-1 (46) Melkumyan,H (2670)-Yilmaz,M (2636) St Petersburg 2018}) 12... Nxc5 13. b4 Nce4 14. Nxe4 Nxe4 $146 ({Predecessor:} 14... Bxe4 15. Bb2 O-O 16. Bxf6 gxf6 17. Rac1 Rd8 18. h3 {0-1 (30) Flores,D (2494)-Hase,J (2323) Olavarria 2006}) 15. Bb2 O-O 16. Rac1 a5 17. Bb3 axb4 18. axb4 Bxb4 $2 (18... Nf6 $14) 19. Ne5 $1 $18 Nf6 20. Ng4 $36 {[%mdl 3072] White has strong compensation. White is in control.} Be7 21. Be5 $1 {[%cal Re5b8]} Qe8 22. h4 (22. Bxf6 $16 gxf6 23. Rc7) 22... Kh8 (22... Rc8 $11 {remains equal.}) 23. Rc7 $16 Be4 24. Nxf6 Bxf6 25. Bxf6 gxf6 26. f3 (26. Qg4 $16 Bf5 27. Qf4) 26... Bd5 27. Qb2 Bxb3 $4 {[%mdl 8192]} (27... Kg7 $11) 28. Qxb3 $2 (28. Qxf6+ {mates} Kg8 29. Qg5+ Kh8 30. h5 $1 {[%mdl 512]} h6 31. Qxh6+ Kg8 32. Qf6 $1 {[%mdl 512]} Kh7 33. h6 $1 {[%mdl 512]}) 28... Rd8 $11 29. Rdc1 Rd2 30. Qc3 (30. Qb4 $5 {[%cal Rb4d2]} Qd8 31. Rc8 Rd1+ 32. Kh2 Qxc8 33. Rxc8 Rxc8 34. Qxb5 $11) 30... Qd8 31. Rc8 Rd1+ 32. Kf2 Rxc1 33. Rxd8 Rxc3 34. Rxf8+ $15 {[%mdl 4096] Endgame KR-KR} Kg7 35. Rb8 Rc2+ 36. Kg3 Rb2 37. e4 $1 b4 38. Kh3 b3 39. Kg3 h5 40. Kh3 Rb1 41. Kg3 Rb2 42. Kh3 Rb1 43. Kg3 e5 {Hoping for ...f5!} 44. Kf2 {[#]} (44. Rb6 $1 $11 {keeps the balance.}) 44... b2 (44... f5 $1 $17 {[%mdl 512] Threatens to win with ...fxe4.} 45. exf5 Kf6) 45. Kg3 $1 $11 {[#]The position is equal.} f5 $1 {[%mdl 512]} 46. exf5 Kf6 47. Rb7 $1 Rc1 {Accuracy: White = 72%, Black = 45%.} 1/2-1/2

[Event "13th BPB Limburg Open 2019"]
[Site "Maastricht"]
[Date "2019.06.10"]
[Round "7.5"]
[White "Van Wely, Loek"]
[Black "Barzen, Pascal"]
[Result "1-0"]
[WhiteElo "2604"]
[BlackElo "2292"]
[Annotator "TA"]
[PlyCount "51"]
[EventDate "2019.06.07"]
[EventCountry "NED"]
[SourceTitle "playchess.com"]
[Source "ChessBase"]
[SourceQuality "1"]

{[%evp 19,51,0,29,47,45,0,0,0,64,51,50,35,75,77,74,48,0,-43,-55,-37,39,56,349,333,332,325,672,113,339,343,2208,2235,29992,29993]} 1. Nf3 Nf6 2. c4 e6 3. Nc3 d5 4. d4 Be7 5. Bf4 O-O 6. e3 c5 7. dxc5 Bxc5 8. a3 Nc6 9. Qc2 Qa5 10. O-O-O a6 11. Nd2 {Black must now prevent Nb3. D37: Queen's Gambit Declined: 5 Bf4} Be7 12. Kb1 (12. g4 $5) 12... Qb6 {[#]} (12... b5 13. Nb3 Qb6 14. cxd5 exd5 15. Bg5 Be6 16. Bxf6 Bxf6 17. Nxd5 Bxd5 18. Rxd5 Rac8 19. Bd3 {0-1 (33) Topalov,V (2749)-Nakamura,H (2780) Saint Louis 2017}) 13. g4 $1 {[%mdl 512] The position is equal.} d4 $146 (13... Nxg4 14. cxd5) ({Predecessor:} 13... Rd8 14. Bd3 g6 15. Na4 Qa5 16. cxd5 exd5 17. f3 Bd7 18. Nc3 Be6 19. Nb3 {½-½ (40) Osipov,S (2396)-Klatt,O (2470) ICCF email 2008}) 14. Na4 Qa7 {And now ...e5 would win.} 15. Nf3 Nxg4 {[%cal Rd4e3]} 16. h3 Nf6 17. exd4 {d5 is the strong threat.} b5 18. cxb5 axb5 19. Bxb5 ({Avoid the trap} 19. Qxc6 $2 Bb7 $19) 19... Na5 (19... Nb4 $15 20. axb4 Bb7) 20. Rhg1 $1 $36 {[%mdl 2048] White has some pressure.} Kh8 $2 {[%mdl 8192]} (20... Bb7 $14 21. Bh6 g6 22. Bxf8 Bxf3 23. Bxe7 Bxd1) 21. Be5 $18 {Intending Rxg7! and mate.} g6 22. Ng5 Kg8 $2 (22... Ba6) 23. Nc5 $2 (23. Nxh7 $18 {is the precise move to win. White threatens Rxg6+! and mate.} Kxh7 24. h4) 23... Qb6 $2 (23... Nd7 $16) 24. Bd3 {aiming for Nxh7!} Nb7 $2 (24... Rb8 25. Nxh7 Qxb2+ 26. Qxb2 Rxb2+ 27. Kxb2 Kxh7) 25. Nxh7 Nxh7 {[#]} 26. Bxg6 $1 {[%mdl 512] Accuracy: White = 65%, Black = 26%.} 1-0

[Event "13th BPB Limburg Open 2019"]
[Site "Maastricht"]
[Date "2019.06.10"]
[Round "7.7"]
[White "Simenon, Jozef"]
[Black "Van Foreest, Lucas"]
[Result "0-1"]
[WhiteElo "2207"]
[BlackElo "2522"]
[Annotator "TA"]
[PlyCount "70"]
[EventDate "2019.06.07"]
[EventCountry "NED"]
[SourceTitle "playchess.com"]
[Source "ChessBase"]
[SourceQuality "1"]

{[%evp 9,70,-14,0,0,0,-8,0,0,6,0,0,0,0,1,11,0,0,-23,0,0,11,-10,-14,-10,-17,-33,-18,-32,0,-45,-25,-16,-14,-54,-45,-33,-21,-62,-52,-50,-49,-51,-50,-145,-139,-356,-159,-312,-310,-698,-856,-789,-732,-29984,-6319,-5085,-292,-5013,-2818,-29994,-1629,-1314,-999]} 1. b4 b6 2. Bb2 Bb7 3. e3 Nf6 4. b5 e6 5. Nf3 Be7 6. Be2 {A00: Irregular Openings} O-O (6... a6 7. a4 axb5 8. axb5 Rxa1 9. Bxa1 d6 10. d4 Nbd7 11. O-O Qa8 12. Nbd2 g5 13. Ne1 g4 {0-1 (40) Bogdanovich,S (2602)-Nouri,H (2344) Ho Chi Minh City 2017}) 7. O-O d6 8. d4 {The position is equal.} c5 $146 ({Predecessor:} 8... Nbd7 9. c4 Ne4 10. Nbd2 Ndf6 11. Bd3 d5 12. Qc2 Rc8 13. Ne5 Nxd2 14. Qxd2 c5 15. bxc6 Bxc6 16. Nxc6 Rxc6 17. Rfc1 {½-½ (17) Surikov,V (1868)-Ranby,H (1919) Stockholm 2015}) 9. bxc6 Nxc6 10. Nbd2 Qc7 11. c4 e5 12. d5 Na5 {[%cal Bc6a5,Ba5b7,Bb7c5][%mdl 32]} 13. Qb1 Ba6 14. Rc1 Nb7 15. Bf1 Nc5 16. a4 Rab8 17. Ra3 Nfd7 18. Qa1 f5 19. Nb1 {[%cal Bd2b1,Bb1c3,Bc3b5][%mdl 32]} g5 20. Nc3 g4 $36 {[%mdl 2048] Black has the initiative.} 21. Ne1 Qd8 22. Nb5 Rb7 23. Nc2 Qe8 24. Nb4 Rf6 25. Nc6 Rh6 {...Bf8 is the strong threat.} 26. a5 ({But not} 26. Nbxa7 $2 Bf6 $19) (26. Rc2 $15) 26... Bxb5 27. axb6 $2 (27. cxb5 $17 {was forced.} Bf8 28. axb6 axb6 29. Be2) 27... Ba4 (27... Bxc6 28. dxc6 Rxb6 29. cxd7 $11) (27... Nxb6 $19 {And now ...Qh5 would win.} 28. cxb5 Qh5) 28. bxa7 $2 {[#]} (28. Rxa4 $17 {was the only defense.} Nxa4 29. Qxa4) 28... Rxa7 $1 $19 {[%mdl 512] Threatens to win with ...Qh5!} 29. Nxa7 $2 (29. e4 Rb7 30. exf5) 29... Qh5 {[%csl Gh6][%cal Rh5h2]} 30. h3 gxh3 {( -> ...h2+)} 31. Rxa4 hxg2 (31... Ne4 $142 32. Rc2 hxg2 33. Bxg2 Qh2+ 34. Kf1 Rg6 35. Bxe4 Bh4 36. Ra3 Rg1+ {[%mdl 64] Skewer} 37. Ke2 Nc5 38. Kd2 Nxe4+ 39. Kd3 Rxa1 40. Rxa1 Qh3 41. Nb5 Bxf2 42. Re2 Nc5+ 43. Kc2 Qf3 44. Nc3 Bxe3 45. Ra8+ Kg7 46. Ra7+ Kg6 47. Rc7 Bd4 48. Rd2 Bxc3 49. Bxc3 Qe4+ 50. Kc1 Nb3+ 51. Kd1 f4 52. Rb7 Nxd2 53. Bxd2 f3 54. Rb8 Qf5 55. Ke1 Qd3 56. Kd1 f2 57. Rf8 f1=Q+ 58. Rxf1 Qxf1+ 59. Kc2 Qxc4+ 60. Kd1 Qxd5 61. Ke2 h5 62. Ke3 h4 63. Be1 h3 64. Bg3 Kf5 65. Bh2 Qd4+ 66. Ke2 Ke4 67. Bg3 Qd3+ 68. Kf2 Qf3+ 69. Ke1 Kd3 70. Bh4 Qe2#) 32. Bxg2 Qh2+ 33. Kf1 Rg6 34. Nc6 Bh4 (34... Rxg2 $142 35. Ra8+ Bf8 36. Rxf8+ {[%mdl 64] Remove Defender} Nxf8 37. Ke1 Qg1+ {[%mdl 64] Double Attack} 38. Kd2 Qxf2+ 39. Kd1 Rg1#) 35. Ra8+ Kg7 {Accuracy: White = 21%, Black = 47%.} 0-1